Statistics for All Airlines of India (2022)

Click here to take the quiz!

General Stats

  • This quiz has been taken 55 times
    (18 since last reset)
  • The average score is 6 of 14

Answer Stats

Airline% Correct
Air India
100%
IndiGo
93%
SpiceJet
87%
Star Air
67%
Akasa Air
60%
Air India Express
47%
Go First
47%
Vistara
47%
AirAsia India
27%
Alliance Air
20%
FlyBig
7%
Zoom Air
7%
Air Heritage
0%
TruJet
0%

Score Distribution

Percentile by Number Answered

Percent of People with Each Score

Your Score History

You have not taken this quiz since the last reset